00881nam a22002177a 450000500170000001000150001702000260003203500140005803700090007208200110008110000240009224501110011626000400022727001070026730000200037450000390039470000550043394200250048899900190051395201310053220240823104531.0 aENG-141392 a9788188951833c495.00 aEN-124924 bDBAD a328.32 aEgorov, A.D.970455 aThe Emergence:bThe Phenomenon of the emergence/cBy A.D. Egorov, I.D. Egorov and edited by Kaushal Goyal  aNew DelhibPigeon Books Indiac2016 aI-2/16, Ansari Road, Daryaganj,bNew Delhie110006mgeneralbookdepot@yahoo.comk9810229648, 9312286851 a144p.c22cm(hb) aTranslated from Russian to English aBy I.D. Egorov and edited by Kaushal Goyal 970456 2ddccENh328.32mROV c205219d205219 001040708NFICaBL4bBL4d2024-08-23eDBADg495.00l0o328.32 ROVpEN-124924r2024-08-23 00:00:00t1v495.00w2024-08-23yEN